London Building Act 1930 : proposed code of practice for the use of reinforced concrete and other materials in buildings and structures, submitted to the council on 23rd October, 1934. (Record no. 101801)
[ view plain ]
| 000 -LEADER | |
|---|---|
| fixed length control field | 00722cam a2200217 4500 |
| 001 - CONTROL NUMBER | |
| control field | J115949 |
| 008 - FIXED-LENGTH DATA ELEMENTS--GENERAL INFORMATION | |
| fixed length control field | 011211n1934 000 0 eng u |
| 035 ## - SYSTEM CONTROL NUMBER | |
| System control number | (Sirsi) u115949 |
| 050 ## - LIBRARY OF CONGRESS CALL NUMBER | |
| Classification number | 692.209421 |
| 110 ## - MAIN ENTRY--CORPORATE NAME | |
| Corporate name or jurisdiction name as entry element | London County Council |
| 9 (RLIN) | 1711 |
| 245 ## - TITLE STATEMENT | |
| Title | London Building Act 1930 : proposed code of practice for the use of reinforced concrete and other materials in buildings and structures, submitted to the council on 23rd October, 1934. |
| 260 ## - PUBLICATION, DISTRIBUTION, ETC. | |
| Place of publication, distribution, etc. | London |
| Name of publisher, distributor, etc. | LCC |
| Date of publication, distribution, etc. | 1934 |
| 300 ## - PHYSICAL DESCRIPTION | |
| Extent | 23p. |
| Dimensions | 33cm. |
| 350 ## - PRICE (NR) (BK AM CF MU VM SE) [OBSOLETE] | |
| Price | 6d. |
| 490 ## - SERIES STATEMENT | |
| Volume/sequential designation | 3080 |
| 650 ## - SUBJECT ADDED ENTRY--TOPICAL TERM | |
| Topical term or geographic name entry element | LONDON BUILDING ACT 1930 |
| 650 ## - SUBJECT ADDED ENTRY--TOPICAL TERM | |
| Topical term or geographic name entry element | LONDON BUILDING ACTS |
| 650 ## - SUBJECT ADDED ENTRY--TOPICAL TERM | |
| Topical term or geographic name entry element | REINFORCED CONCRETE |
| 690 ## - LOCAL SUBJECT ADDED ENTRY--TOPICAL TERM (OCLC, RLIN) | |
| Topical term or geographic name as entry element | BUILT ENVIRONMENT-BUILDING STANDARDS |
| 942 ## - ADDED ENTRY ELEMENTS (KOHA) | |
| Suppress in OPAC | 0 |
| Withdrawn status | Lost status | Source of classification or shelving scheme | Damaged status | Not for loan | Home library | Current library | Shelving location | Date acquired | Total Checkouts | Full call number | Barcode | Date last seen | Date last checked out | Copy number | Price effective from | Koha item type |
|---|---|---|---|---|---|---|---|---|---|---|---|---|---|---|---|---|
| Dewey Decimal Classification | London | London | Basement | 11/12/2001 | 1 | SHELF 236 | 30065171 | 06/08/2019 | 22/02/2002 | 1 | 06/08/2019 | Book |